[Event "FIDE World Rapid Team"]
[Site "London ENG"]
[Date "2025.06.13"]
[Round "11.3"]
[White "Vachier-Lagrave, Maxime"]
[Black "Svane, Rasmus"]
[Result "1-0"]
[WhiteElo "2735"]
[BlackElo "2616"]
[EventDate "2025.06.11"]
[Board "2"]

1. e4 e5 2. Nf3 Nc6 3. Bb5 a6 4. Ba4 Nf6 5. O-O Be7 6. Re1 b5 7. Bb3 O-O 8.
a4 Bb7 9. d3 d6 10. Nbd2 Nd7 11. c3 Nc5 12. axb5 axb5 13. Rxa8 Qxa8 14. Bc2
b4 15. d4 bxc3 16. bxc3 Nd7 17. h4 Bf6 18. d5 Na5 19. Nf1 Nc4 20. Bd3 Ncb6
21. Be3 Qa3 22. Qd2 Ra8 23. Rb1 Nc5 24. Bxc5 Qxc5 25. Ne3 Ra3 26. Nc4 Nxc4
27. Rxb7 h6 28. Rb8+ Kh7 29. Qe2 Rxc3 30. Kh2 g6 31. h5 g5 32. Nh4 gxh4 33.
Qg4 Bg5 34. Qc8 Bf4+ 35. Kh3 Rxd3+ 36. g3 1-0

[Event "FIDE World Rapid Team"]
[Site "London ENG"]
[Date "2025.06.13"]
[Round "11.3"]
[White "So, Wesley"]
[Black "Kollars, Dmitrij"]
[Result "1/2-1/2"]
[WhiteElo "2714"]
[BlackElo "2553"]
[EventDate "2025.06.11"]
[Board "4"]

1. e4 e5 2. Nf3 Nc6 3. Bc4 Nf6 4. d3 h6 5. a3 Bc5 6. Nc3 a6 7. Be3 d6 8.
Bxc5 dxc5 9. Nd5 O-O 10. O-O Be6 11. Ne3 Bxc4 12. Nxc4 Qe7 13. a4 b6 14. b3
Qe6 15. Qd2 Rad8 16. Qc3 Nd7 17. Rfe1 Rfe8 18. g3 Ndb8 19. Kg2 a5 20. Ne3
Nd4 21. Nh4 Nbc6 22. Qc4 Nb4 23. Rac1 Qxc4 24. dxc4 c6 25. Nf3 Na2 26. Rcd1
Nc3 27. Rd3 Nxe4 28. Red1 Nf6 29. Nxe5 Rxe5 30. c3 Re4 31. Nc2 Re2 32. Ne3
Ne4 33. cxd4 Nxf2 34. Kf3 Rb2 35. d5 Nxd1 36. Nxd1 Rxh2 37. Ne3 Rd6 38. Nf5
Rd7 39. Ne3 Rh5 40. Kf4 cxd5 41. cxd5 Kf8 42. d6 Rg5 43. Nc4 Rg6 44. Ke4
Ke8 45. Kd5 Rg4 46. Kc6 Rd4 47. Re3+ Kd8 48. Kxb6 Rxc4 49. bxc4 Rxd6+ 50.
Kxa5 Re6 51. Rf3 f6 52. Kb5 Kc7 53. a5 h5 54. Rd3 g5 55. Rd5 Re5 56. a6 h4
57. gxh4 gxh4 58. a7 Kb7 59. Rd7+ Ka8 60. Rh7 f5 61. Kb6 Re6+ 62. Kxc5 f4
63. Rxh4 1/2-1/2

[Event "FIDE World Rapid Team"]
[Site "London ENG"]
[Date "2025.06.13"]
[Round "11.3"]
[White "Wagner, Dinara"]
[Black "Hou, Yifan"]
[Result "1/2-1/2"]
[WhiteElo "2372"]
[BlackElo "2539"]
[EventDate "2025.06.11"]
[Board "5"]

1. d4 d5 2. c4 e6 3. Nf3 a6 4. cxd5 exd5 5. Nc3 Nf6 6. Bg5 Be6 7. Bxf6 Qxf6
8. Qb3 b6 9. e3 Qd8 10. h4 Be7 11. O-O-O Nd7 12. Kb1 b5 13. Qc2 Rc8 14. e4
Nb6 15. Nxd5 Nxd5 16. Qc6+ Kf8 17. exd5 Qxd5 18. Qxd5 Bxd5 19. Ne5 f6 20.
Nd3 Bd6 21. Nc5 c6 22. f3 Kf7 23. Bd3 Bxc5 24. dxc5 h5 25. Rhe1 Rhe8 26. a3
Bb3 27. Bc2 Bxc2+ 28. Kxc2 Rxe1 29. Rxe1 a5 30. Rd1 1/2-1/2

[Event "FIDE World Rapid Team"]
[Site "London ENG"]
[Date "2025.06.13"]
[Round "11.3"]
[White "Rosenstein, Wadim"]
[Black "Lobkin, Bohdan"]
[Result "0-1"]
[WhiteElo "1704"]
[BlackElo "1902"]
[EventDate "2025.06.11"]
[Board "6"]

1. c4 b6 2. d4 Bb7 3. Nc3 Nf6 4. Nf3 e6 5. Bg5 Bb4 6. Qb3 a5 7. a3 Be7 8.
e3 Ne4 9. Bf4 h5 10. h3 d6 11. Bd3 Nxc3 12. Qxc3 f5 13. d5 Bf6 14. Nd4 e5
15. Bxf5 exd4 16. Bg6+ Kf8 17. exd4 Bg5 18. O-O Rh6 19. Bxg5 Qxg5 20. Bc2
Nd7 21. f4 Qf6 22. Rae1 Re8 23. Rxe8+ Kxe8 24. b4 axb4 25. axb4 Kd8 26. f5
Rh8 27. Re1 Qg5 28. Re6 b5 29. Rg6 Qc1+ 30. Kh2 Qf4+ 31. Kg1 bxc4 32. Qxc4
Nb6 33. Qb5 Bxd5 34. Rxg7 Qxd4+ 35. Kh2 Qxg7 36. g3 Qb2 37. Qd3 Re8 38. Qd2
Bb3 0-1

[Event "FIDE World Rapid Team"]
[Site "London ENG"]
[Date "2025.06.13"]
[Round "11.4"]
[White "Mamedov, Rauf"]
[Black "Nihal, Sarin"]
[Result "0-1"]
[WhiteElo "2617"]
[BlackElo "2676"]
[EventDate "2025.06.11"]
[Board "1"]

1. e4 c6 2. d4 g6 3. Nf3 Bg7 4. Nc3 d5 5. h3 dxe4 6. Nxe4 Nf6 7. Bd3 Bf5 8.
Nxf6+ Bxf6 9. O-O Bxd3 10. Qxd3 O-O 11. Re1 Na6 12. Qb3 Qb6 13. c3 e6 14.
Bf4 Rfd8 15. Nd2 Be7 16. Nc4 Qb5 17. Bg3 Rac8 18. Ne5 Nb8 19. Qc2 Nd7 20.
a4 Qa6 21. Ng4 Bf8 22. b4 h5 23. Ne3 Re8 24. Qb3 Qb6 25. Nc4 Qd8 26. a5 a6
27. Re2 Qg5 28. Ne5 Nxe5 29. Rxe5 Qf6 30. Re3 Rcd8 31. Rae1 Qe7 32. Be5 Bg7
33. Qc2 Rd5 34. Bxg7 Kxg7 35. Qe2 Red8 36. Re4 Qf6 37. Qe3 Rf5 38. f3 h4
39. Re2 Rh8 40. Rg4 Rhh5 41. f4 Qd8 42. Qf2 Qf6 43. Qe3 Rh8 44. Rg5 Rxf4
45. Re5 Rf1+ 46. Kh2 Rd8 47. Re1 Rxe1 48. Qxe1 Rd5 49. Re4 g5 50. Rg4 Kf8
51. Qe3 Rf5 52. Re4 Kg7 53. Rg4 Rf4 54. Kg1 Rxg4 55. hxg4 Qf4 56. Qe5+ Qxe5
57. dxe5 f5 58. exf6+ Kxf6 59. Kf2 Ke5 60. Ke3 c5 61. bxc5 Kd5 62. Kd3 Kxc5
63. Ke4 b6 64. axb6 Kxb6 65. Ke5 a5 0-1

[Event "FIDE World Rapid Team"]
[Site "London ENG"]
[Date "2025.06.13"]
[Round "11.4"]
[White "Eljanov, Pavel"]
[Black "Sevian, Samuel"]
[Result "0-1"]
[WhiteElo "2614"]
[BlackElo "2636"]
[EventDate "2025.06.11"]
[Board "2"]

1. d4 Nf6 2. c4 e6 3. Nc3 Bb4 4. e3 O-O 5. Bd3 d5 6. a3 Bxc3+ 7. bxc3 dxc4
8. Bxc4 c5 9. Nf3 Qc7 10. Be2 b6 11. O-O Bb7 12. c4 Rd8 13. Bb2 Nc6 14. Rc1
Ne7 15. Ne5 Rac8 16. Re1 Ng6 17. Nd3 Rd7 18. Bf1 Rcd8 19. h3 Ne4 20. Rc2
Bc6 21. Qa1 Ba4 22. Rce2 f6 23. Rc1 Bc6 24. Qb1 Ng5 25. Ne1 Be4 26. Qa2 Nh4
27. Qb3 Kh8 28. f4 Nf7 29. Nd3 Nf5 30. Nf2 Bb7 31. dxc5 Qxc5 32. Ree1 Ng3
33. Qb5 Rd2 34. Bc3 Ra2 35. Red1 Bc6 36. Qxc5 bxc5 37. Rxd8+ Nxd8 38. Ra1
Rxf2 39. Kxf2 Ne4+ 40. Ke1 Nxc3 41. Rc1 Na4 42. g4 Kg8 43. h4 Nf7 44. Rd1
Kf8 45. g5 Ke7 46. gxf6+ gxf6 47. Rb1 Nb6 48. Bd3 f5 49. Kd2 Nh6 50. Rg1
Ng4 51. e4 Kf6 52. exf5 exf5 53. Kc3 h5 54. Be2 Be4 55. Bd1 Nd7 56. Ba4 Nf8
57. Be8 Ne3 58. Bxh5 Ng2 59. Bd1 Nxh4 60. Rg8 Kf7 61. Rg1 Ne6 62. Bc2 Kf6
63. Rg8 Bf3 64. Rc8 Ng6 65. Ba4 Be4 66. Bd7 Ngxf4 67. Kd2 Ke5 68. Ke3 Kd6
69. Bb5 Ng6 70. Rg8 Ne5 71. Ba6 Bc6 0-1

[Event "FIDE World Rapid Team"]
[Site "London ENG"]
[Date "2025.06.13"]
[Round "11.4"]
[White "Sarana, Alexey"]
[Black "Gledura, Benjamin"]
[Result "1/2-1/2"]
[WhiteElo "2603"]
[BlackElo "2575"]
[EventDate "2025.06.11"]
[Board "3"]

1. d4 Nf6 2. c4 e6 3. Nc3 Bb4 4. e3 O-O 5. Bd3 d5 6. a3 dxc4 7. Bxc4 Bd6 8.
Nf3 Nc6 9. O-O e5 10. h3 a6 11. Qc2 h6 12. Rd1 exd4 13. exd4 Ne7 14. Ne5 c6
15. Bf4 Nfd5 16. Bg3 Be6 17. Ne4 Nf5 18. Nxd6 Nxd6 19. Bd3 Ne7 20. Bh4 f6
21. Bg3 Ndf5 22. Nf3 Qd7 23. Re1 Rfe8 24. Rad1 Rad8 25. Bf4 Bd5 26. Nh2 Kh8
27. Ng4 Bg8 28. Qc1 Nd5 29. Bd2 Bh7 30. Ba5 Rxe1+ 31. Rxe1 Re8 32. Rxe8+
Qxe8 33. Qb1 Qe6 34. Bd2 Nde7 35. Bb4 Nd5 36. Bd2 Nde7 37. Bb4 Nd5 38. Bd2
Nde7 39. Bb4 1/2-1/2

[Event "FIDE World Rapid Team"]
[Site "London ENG"]
[Date "2025.06.13"]
[Round "11.4"]
[White "Moiseenko, Alexander"]
[Black "Martirosyan, Haik M."]
[Result "1/2-1/2"]
[WhiteElo "2533"]
[BlackElo "2610"]
[EventDate "2025.06.11"]
[Board "4"]

1. d4 Nf6 2. c4 e6 3. Nc3 Bb4 4. Nf3 O-O 5. Bg5 c5 6. Rc1 cxd4 7. Nxd4 Nc6
8. e3 h6 9. Bh4 Nxd4 10. Qxd4 b6 11. Be2 Ba6 12. O-O Bxc3 13. Rxc3 d5 14.
Rfc1 dxc4 15. Bxf6 Qxf6 16. Qxf6 gxf6 17. Bxc4 Bxc4 18. Rxc4 Rfd8 19. Kf1
Rd2 20. R4c2 Rad8 21. Ke1 R2d5 22. g3 Kg7 23. Rc7 R8d7 24. Rxd7 Rxd7 25.
Rc8 f5 26. Ke2 Kf6 27. Rh8 Kg7 28. Ra8 Rc7 29. Kd2 Rd7+ 30. Ke2 Rc7 31. Kd2
1/2-1/2

[Event "FIDE World Rapid Team"]
[Site "London ENG"]
[Date "2025.06.13"]
[Round "11.4"]
[White "Injac, Teodora"]
[Black "Osmak, Yuliia"]
[Result "0-1"]
[WhiteElo "2309"]
[BlackElo "2343"]
[EventDate "2025.06.11"]
[Board "5"]

1. Nf3 d5 2. g3 c6 3. Bg2 Bg4 4. h3 Bh5 5. c4 e6 6. O-O Nf6 7. Qb3 Qb6 8.
d3 Nbd7 9. Be3 Qxb3 10. axb3 a6 11. g4 Bg6 12. Bd4 h6 13. Bc3 Bd6 14. b4
dxc4 15. dxc4 O-O 16. Rd1 Be7 17. Na3 Rfd8 18. Nd2 Nb6 19. c5 Nbd5 20. Nac4
Nxc3 21. bxc3 Nd5 22. Ra3 h5 23. Bf3 Nf4 24. Kh2 Bh4 25. Nd6 Rab8 26. Rf1
hxg4 27. hxg4 Kf8 28. N2c4 Ke7 29. e3 Bd3 30. Rd1 Bxc4 31. exf4 Bd5 32. Kg2
g6 33. c4 Bxf3+ 34. Kxf3 Bf6 35. g5 Bg7 36. Rad3 Kf8 37. Ke4 b6 38. Ra3
bxc5 39. bxc5 Ra8 40. Rb1 Rd7 41. Rb6 a5 42. Rxc6 Bb2 43. Rxa5 Rxa5 44.
Rc8+ Kg7 45. Ne8+ Kh7 46. c6 Rd4+ 47. Ke3 Rxc4 48. c7 Ra3+ 49. Ke2 Ra2 50.
Rd8 Rxc7 51. Nxc7 Be5+ 52. Kf3 Bxc7 53. Rd7 Bb6 54. Rxf7+ Kg8 55. Rf6 Rxf2+
56. Kg3 Kg7 57. Rxe6 Rb2 58. Kg4 Rb4 59. Re7+ Kf8 60. Re6 Kf7 61. Rf6+ Kg7
62. Re6 Bc5 63. Rf6 Be7 64. Rc6 Rb1 65. Kf3 Kf7 66. Kg4 Rf1 67. Kg3 Bd8 68.
Kg4 Ba5 69. Rf6+ Kg7 70. Ra6 Bc7 71. Rf6 Bb8 72. Kg3 Rb1 73. Kg4 Rb4 74.
Kg3 Bc7 75. Kg4 Rc4 76. Kf3 Bd8 77. Rd6 Be7 78. Re6 Kf7 79. Ra6 Rc5 80. Kg4
Rf5 81. Ra7 Ke6 82. Ra4 Bd6 83. Kf3 Rb5 84. Ra6 Rb4 85. Ke3 Rb3+ 86. Ke4
Rb4+ 87. Ke3 Rb3+ 88. Ke4 Ra3 89. Rc6 Ra4+ 90. Ke3 Ke7 91. f5 gxf5 92. g6
Rg4 0-1

[Event "FIDE World Rapid Team"]
[Site "London ENG"]
[Date "2025.06.13"]
[Round "11.4"]
[White "Sailaubay, Aldiyar"]
[Black "Mani, Sarbartho"]
[Result "0-1"]
[WhiteElo "1831"]
[BlackElo "1871"]
[EventDate "2025.06.11"]
[Board "6"]

1. e4 e6 2. d4 d5 3. Nc3 Bb4 4. e5 b6 5. a3 Bf8 6. Nf3 c6 7. Bd3 Ba6 8. Ne2
Ne7 9. c3 Bxd3 10. Qxd3 Nd7 11. O-O g6 12. h3 Bg7 13. Nh2 Qc7 14. Bg5 h6
15. Bxe7 Kxe7 16. Qe3 Raf8 17. Rac1 b5 18. Ng4 h5 19. Nh2 c5 20. f4 c4 21.
Nf3 Kd8 22. g4 Kc8 23. Kf2 Kb8 24. Rh1 a6 25. Rcg1 Ka7 26. Ke1 h4 27. Qf2
Qd8 28. Kd1 a5 29. Qe3 Qe7 30. f5 gxf5 31. gxf5 Bh6 32. Qf2 b4 33. Qxh4 Qe8
34. Qf2 bxa3 35. bxa3 Qb8 36. Ng3 Qb1+ 37. Ke2 Qd3+ 38. Ke1 Rb8 39. Qe2 Be3
40. Qxd3 cxd3 41. Nd2 Bxg1 42. Rxg1 Rhc8 43. fxe6 fxe6 44. Ngf1 Rxc3 45.
Rg7 Rb7 46. h4 Nb6 47. Rg6 Rc6 48. h5 Nc4 49. h6 Nxa3 50. Rg3 Nc2+ 51. Kf2
Nxd4 52. Rxd3 Nf5 53. Ra3 Nxh6 54. Rxa5+ Kb6 55. Ra8 Ng4+ 56. Ke2 Nxe5 57.
Ng3 Kc7 58. Ra2 Kd6 59. Nh5 Rf7 60. Ra8 Nd7 61. Ng3 e5 62. Re8 Kc7 63. Ngf1
Kd6 64. Ne3 Rf8 65. Rxf8 Nxf8 66. Nf5+ Ke6 0-1

[Event "FIDE World Rapid Team"]
[Site "London ENG"]
[Date "2025.06.13"]
[Round "11.5"]
[White "Pichot, Alan"]
[Black "Abdusattorov, Nodirbek"]
[Result "0-1"]
[WhiteElo "2564"]
[BlackElo "2732"]
[EventDate "2025.06.11"]
[Board "1"]

1. e4 d5 2. exd5 Qxd5 3. Nc3 Qa5 4. d4 Nf6 5. Nf3 Bf5 6. Bd2 Qb6 7. Bc4 e6
8. Bb3 c6 9. Qe2 Nbd7 10. O-O-O Be7 11. Nh4 Bg6 12. Nxg6 hxg6 13. Bg5 O-O-O
14. h4 Rhe8 15. Qf3 Qc7 16. Na4 Nb6 17. Nxb6+ axb6 18. Kb1 b5 19. g4 b4 20.
h5 gxh5 21. gxh5 Nd5 22. Bc1 f5 23. h6 Bf6 24. hxg7 Qxg7 25. Rhg1 Qf7 26.
Rge1 Rd6 27. Bc4 b5 28. Bb3 Kb7 29. Rd3 Qg7 30. Qg3 Qxg3 31. fxg3 Nc7 32.
Red1 Rd7 33. Bf4 Nd5 34. Bd2 Be7 35. Bf4 Rg8 36. Re1 Rg6 37. Be5 Nb6 38.
Rde3 Nd5 39. R3e2 Bd8 40. Kc1 Bb6 41. Kb1 Rg4 42. Bxd5 exd5 43. c3 bxc3 44.
bxc3 Re4 45. Kc2 Rh7 46. Kd3 Ba5 47. Rf1 c5 48. Ref2 c4+ 49. Kd2 b4 50.
cxb4 Bxb4+ 51. Kc2 Kc6 52. Rg2 Ra7 53. Kb2 Re3 54. Rxf5 Bc3+ 55. Kc1 Re1+
56. Kc2 Rxa2+ 57. Kxc3 Re3+ 0-1

[Event "FIDE World Rapid Team"]
[Site "London ENG"]
[Date "2025.06.13"]
[Round "11.5"]
[White "Sindarov, Javokhir"]
[Black "Ibarra Jerez, Jose Carlos"]
[Result "1-0"]
[WhiteElo "2668"]
[BlackElo "2541"]
[EventDate "2025.06.11"]
[Board "2"]

1. e4 c5 2. Nf3 Nc6 3. Nc3 e6 4. d4 cxd4 5. Nxd4 Bc5 6. Ndb5 Nf6 7. Bf4 O-O
8. Bc7 Qe7 9. Bd6 Bxd6 10. Qxd6 Qd8 11. O-O-O a6 12. Nd4 Ne7 13. h4 b5 14.
h5 Ne8 15. Qh2 h6 16. a3 Bb7 17. g4 Rc8 18. Rg1 Qa5 19. Qg3 Rxc3 20. Qxc3
Qxc3 21. bxc3 Bxe4 22. c4 bxc4 23. Bxc4 Nf6 24. f3 Bb7 25. Be2 Rc8 26. f4
Nfd5 27. Bf3 Rc7 28. g5 Kf8 29. f5 hxg5 30. fxe6 dxe6 31. Rxg5 Rc4 32. Rd2
Rc3 33. Rf2 Bc8 34. Kb2 Rc7 35. Be2 Rb7+ 36. Nb3 Rc7 37. Rg3 Nf5 38. Rg1
Nde3 39. Bd3 Bb7 40. Rf4 Bd5 41. Rb4 f6 42. Nd4 Nxd4 43. Rxd4 e5 44. Rb4 a5
45. Rb8+ Kf7 46. Rg3 Nd1+ 47. Kc1 Nc3 48. Bg6+ Ke6 49. Re3 Bh1 50. Re8+ Kd6
51. Rd8+ Ke7 52. Rg8 Ke6 53. Re8+ Kd6 54. Kd2 Nb1+ 55. Ke1 Nc3 56. Rd8+ Ke7
57. Red3 f5 58. Re8+ Kf6 59. Rf8+ Kg5 60. Rxf5+ Kg4 61. Rxe5 Bf3 62. Rd4+
Kg3 63. Rg5+ 1-0

[Event "FIDE World Rapid Team"]
[Site "London ENG"]
[Date "2025.06.13"]
[Round "11.5"]
[White "Cuenca Jimenez, Jose Fernando"]
[Black "Yakubboev, Nodirbek"]
[Result "1/2-1/2"]
[WhiteElo "2459"]
[BlackElo "2547"]
[EventDate "2025.06.11"]
[Board "3"]

1. d4 Nf6 2. c4 e6 3. Nc3 Bb4 4. Qc2 d5 5. cxd5 exd5 6. Bf4 O-O 7. e3 c5 8.
dxc5 Nc6 9. Nf3 d4 10. O-O-O Bxc5 11. exd4 Bd6 12. Bxd6 Qxd6 13. a3 Be6 14.
Kb1 Na5 15. d5 Nxd5 16. Nxd5 Bxd5 17. Bd3 g6 18. Be4 Bxe4 19. Rxd6 Bxc2+
20. Kxc2 Rfd8 21. Rxd8+ Rxd8 22. Rd1 Rc8+ 23. Kb1 Rc7 24. Ne5 f6 25. Rd7
Rxd7 26. Nxd7 Kf7 27. Nc5 b6 28. Ne4 Ke6 29. Kc2 Nc4 30. Kc3 Ne5 31. f3 h6
32. Kd4 Nc6+ 33. Kc4 a6 34. b4 g5 35. Nc3 Ne5+ 36. Kd4 Nc6+ 37. Kc4 Ne7 38.
a4 Ke5 39. g3 h5 40. Nd1 Nf5 41. Kd3 h4 42. Ne3 hxg3 43. Nc4+ Kf4 44. hxg3+
Kxg3 45. Ke4 b5 46. Kxf5 bxc4 47. Ke4 f5+ 48. Kd4 f4 49. b5 axb5 50. axb5
g4 51. fxg4 f3 52. b6 f2 53. b7 f1=Q 54. b8=Q+ Kh3 55. Qh8+ Kg2 56. Qa8+
Kg3 57. Qe4 Qd1+ 58. Kc3 Qxg4 59. Qxg4+ Kxg4 60. Kxc4 1/2-1/2

[Event "FIDE World Rapid Team"]
[Site "London ENG"]
[Date "2025.06.13"]
[Round "11.5"]
[White "Vokhidov, Shamsiddin"]
[Black "Camacho Collados, Marcos"]
[Result "0-1"]
[WhiteElo "2519"]
[BlackElo "2365"]
[EventDate "2025.06.11"]
[Board "4"]

1. e4 e5 2. Nf3 Nc6 3. Bb5 a6 4. Ba4 Nf6 5. O-O d6 6. Bxc6+ bxc6 7. d4 exd4
8. Nxd4 c5 9. Nc6 Qd7 10. Na5 Be7 11. Nc3 Rb8 12. b3 O-O 13. Re1 Ng4 14. h3
Bf6 15. Bb2 Ne5 16. Nd5 Bd8 17. Qd2 c6 18. Ne3 Bf6 19. Bc3 Qc7 20. Rad1 Be7
21. f4 Ng6 22. Nf5 Bxf5 23. exf5 Nh4 24. Qd3 d5 25. g3 c4 26. bxc4 Bb4 27.
Nb3 Bxc3 28. Qxc3 Nxf5 29. cxd5 Qb6+ 30. Qc5 cxd5 31. Qxb6 Rxb6 32. g4 Nh4
33. Kf2 Rc8 34. Rxd5 f6 35. f5 Rxc2+ 36. Kg3 Rxa2 37. Rd8+ Kf7 38. Rd7+ Kf8
39. Nd4 g5 40. fxg6 Nxg6 41. Rc1 Ra3+ 42. Kf2 Rb2+ 43. Kf1 Rb8 44. Rxh7 Kg8
45. Rh6 Nf4 46. Rxf6 Nxh3 47. Rc2 Rg3 48. Nf5 Rb1+ 49. Ke2 Nf4+ 50. Kf2
Rg2+ 51. Ke3 Nd5+ 52. Kd4 Rd1+ 53. Ke5 Rxc2 0-1

[Event "FIDE World Rapid Team"]
[Site "London ENG"]
[Date "2025.06.13"]
[Round "11.5"]
[White "Khotenashvili, Bella"]
[Black "Khamdamova, Afruza"]
[Result "1-0"]
[WhiteElo "2349"]
[BlackElo "2406"]
[EventDate "2025.06.11"]
[Board "5"]

1. Nf3 d5 2. g3 Nf6 3. Bg2 c5 4. O-O Nc6 5. d3 e5 6. Nbd2 Bd6 7. e4 d4 8.
Nc4 Bc7 9. a4 O-O 10. h3 a6 11. Nh2 Rb8 12. f4 b5 13. Na3 exf4 14. gxf4 Re8
15. Qf3 Nb4 16. Bd2 Rb6 17. Be1 Bb7 18. Bh4 Qb8 19. Rae1 Nd7 20. c3 Nc6 21.
Rf2 bxa4 22. Nc4 Rb3 23. Rc1 a5 24. Qg3 Ne7 25. cxd4 cxd4 26. Bxe7 Rxe7 27.
e5 Re8 28. Bxb7 Qxb7 29. Rg2 g6 30. Ng4 Qd5 31. h4 h5 32. Nf2 Qe6 33. Ne4
Qg4 34. Qf2 Qe6 35. f5 Qa6 36. e6 Ne5 37. Nxe5 Bxe5 38. exf7+ Kxf7 39.
fxg6+ Ke7 40. Qf7+ Kd8 41. Qd5+ 1-0

[Event "FIDE World Rapid Team"]
[Site "London ENG"]
[Date "2025.06.13"]
[Round "11.5"]
[White "Imomkuzieva, Nilufarkhon"]
[Black "Torres, Lucas"]
[Result "1-0"]
[WhiteElo "1943"]
[BlackElo "2031"]
[EventDate "2025.06.11"]
[Board "6"]

1. e4 e6 2. d4 d5 3. Nc3 Nf6 4. Bg5 Bb4 5. e5 h6 6. Bc1 Ne4 7. Qg4 g6 8.
Ne2 c5 9. a3 Bxc3+ 10. bxc3 cxd4 11. cxd4 Qc7 12. f3 Nc3 13. Bd2 Na4 14.
Nf4 Nc6 15. Bb5 Nb6 16. Ne2 Bd7 17. Bd3 Ne7 18. h4 Nc4 19. h5 g5 20. f4
Nxd2 21. Kxd2 Rg8 22. fxg5 Rxg5 23. Qf3 O-O-O 24. Rh3 Rf8 25. Rg3 Rxg3 26.
Qxg3 Rg8 27. Qf4 Rxg2 28. Qxh6 Nf5 29. Qf8+ Qd8 30. Qxd8+ Kxd8 31. Bxf5
exf5 32. Ke3 Be6 33. Rh1 Rg8 34. h6 Rh8 35. Nf4 Ke7 36. a4 b6 37. c4 dxc4
38. d5 Bd7 39. Kd4 Bxa4 40. d6+ Kd7 41. Nd5 f4 42. Nf6+ Ke6 43. Rh2 Bc2 44.
Rxc2 Rxh6 45. d7 Ke7 46. Rxc4 Rh8 47. Ke4 a5 48. Rc6 b5 49. Rc5 b4 50. Rxa5
Rb8 51. Kxf4 b3 52. Ra1 b2 53. Rb1 Kd8 54. Ke4 Ke7 55. Kd5 Kd8 56. Kc6 Rb3
57. Nd5 Rb8 58. Rh1 Rb6+ 59. Nxb6 Ke7 60. Nd5+ 1-0

[Event "FIDE World Rapid Team"]
[Site "London ENG"]
[Date "2025.06.13"]
[Round "11.6"]
[White "Mcshane, Luke J"]
[Black "Rapport, Richard"]
[Result "0-1"]
[WhiteElo "2702"]
[BlackElo "2709"]
[EventDate "2025.06.11"]
[Board "1"]

1. e4 c5 2. Nf3 Nc6 3. Bb5 e6 4. O-O Nge7 5. Re1 Ng6 6. c3 d5 7. exd5 Qxd5
8. d4 cxd4 9. Nxd4 Bd7 10. Be3 Be7 11. c4 Qd6 12. Nc3 Qc7 13. Rc1 a6 14.
Bxc6 bxc6 15. Nb3 e5 16. Bc5 Be6 17. Bxe7 Qxe7 18. Ne4 Rd8 19. Qh5 O-O 20.
Ng5 h6 21. Nxe6 Qxe6 22. Nc5 Qe7 23. b4 a5 24. a3 axb4 25. axb4 Rd4 26. Qf3
Rb8 27. Qc3 Qg5 28. g3 Nf4 29. Kh1 Nh3 30. Rc2 Qf5 31. Kg2 Rbd8 32. Rce2 f6
33. Qc2 Qg4 34. Re4 Nf4+ 35. Kg1 Rd2 36. Rxf4 exf4 37. Qe4 Rd1 0-1

[Event "FIDE World Rapid Team"]
[Site "London ENG"]
[Date "2025.06.13"]
[Round "11.6"]
[White "Grischuk, Alexander"]
[Black "Vitiugov, Nikita"]
[Result "1/2-1/2"]
[WhiteElo "2696"]
[BlackElo "2590"]
[EventDate "2025.06.11"]
[Board "2"]

1. e4 e5 2. Nf3 Nc6 3. Bb5 a6 4. Ba4 Nf6 5. O-O Be7 6. Bxc6 dxc6 7. d3 Nd7
8. Nc3 O-O 9. Be3 f6 10. Nh4 Rf7 11. Nf5 Nf8 12. Nxe7+ Qxe7 13. f4 exf4 14.
Bxf4 Ng6 15. Bg3 Be6 16. Qd2 Raf8 17. Rae1 Qd7 18. a4 Qd4+ 19. Kh1 Qb4 20.
b3 h6 21. h3 Kh7 22. Kh2 Rd8 23. Re2 c5 24. Nd1 Qxd2 25. Rxd2 b5 26. axb5
axb5 27. Nc3 c6 28. Rfd1 Rfd7 29. Bf2 c4 30. bxc4 Bxc4 31. Bc5 Bf7 32. Ra1
Nf4 33. Ra6 Rc8 34. Rf2 Ne6 35. Be3 Rb7 36. Rf1 Be8 37. Rb1 Nc7 38. Ra5 Ne6
39. Ra6 Nc7 40. Ra5 Ne6 41. Rb2 Rcb8 42. Ra6 Nc7 43. Ra5 Ne6 44. Bf2 Rd8
45. Na4 Rbb8 46. Nc5 Nxc5 47. Bxc5 Ra8 48. Rba2 Rxa5 49. Rxa5 Rb8 50. Ra7
Kg8 51. Bd6 Rd8 52. Bc5 Rb8 53. Re7 Bf7 54. Rc7 Be8 55. Bd6 Rd8 56. e5 fxe5
57. Bxe5 Rd7 58. Rc8 Re7 59. d4 Kf7 60. c3 Ra7 61. Rc7+ 1/2-1/2

[Event "FIDE World Rapid Team"]
[Site "London ENG"]
[Date "2025.06.13"]
[Round "11.6"]
[White "Adams, Michael"]
[Black "Esipenko, Andrey"]
[Result "1/2-1/2"]
[WhiteElo "2628"]
[BlackElo "2651"]
[EventDate "2025.06.11"]
[Board "3"]

1. e4 e5 2. Nf3 Nc6 3. Bb5 a6 4. Ba4 Nf6 5. d3 d6 6. c4 Be7 7. O-O O-O 8.
h3 Nd7 9. Be3 Bf6 10. Nc3 Nd4 11. Bxd7 Bxd7 12. Nd5 c5 13. Nxd4 exd4 14.
Bf4 Be5 15. Bxe5 dxe5 16. f4 exf4 17. Rxf4 b5 18. b3 bxc4 19. bxc4 Rb8 20.
Qh5 f6 21. Raf1 Qe8 22. Qe2 Qe5 23. Qd2 Qd6 24. R4f2 Rfe8 25. Qa5 Re5 26.
Rf3 Rg5 27. Qd2 Rg3 28. Qf2 Rxf3 29. Qxf3 Qe5 30. Qf2 h6 31. Kh1 a5 32. Qc2
a4 33. Rb1 Qg3 34. Rxb8+ Qxb8 35. Qc1 Qg3 36. Qa3 Kh7 37. Qxc5 Qxd3 38.
Nxf6+ gxf6 39. Qe7+ Kg6 40. Qxd7 Qf1+ 41. Kh2 Qf4+ 42. Kh1 Qf1+ 43. Kh2
Qxc4 44. Qf5+ Kg7 45. Qd7+ Kg6 46. Qf5+ Kg7 47. Qd7+ Kg6 1/2-1/2

[Event "FIDE World Rapid Team"]
[Site "London ENG"]
[Date "2025.06.13"]
[Round "11.6"]
[White "Sadvakasov, Darmen"]
[Black "Saric, Ivan"]
[Result "0-1"]
[WhiteElo "2587"]
[BlackElo "2597"]
[EventDate "2025.06.11"]
[Board "4"]

1. e4 c5 2. Nf3 d6 3. Bb5+ Nd7 4. d4 cxd4 5. Qxd4 a6 6. Bxd7+ Qxd7 7. Nc3
e5 8. Qd3 Qc6 9. b3 Be6 10. Ng5 Rc8 11. Bb2 Bd7 12. f4 exf4 13. O-O-O Be7
14. Nd5 Bf6 15. Nxf6+ Nxf6 16. Rhe1 Ng4 17. e5 d5 18. Rd2 Ne3 19. e6 Bxe6
20. Qd4 Nxc2 21. Rxe6+ fxe6 22. Qxg7 Rf8 23. Kb1 Qb5 24. Bc1 Na3+ 25. Kb2
Nc4+ 26. Ka1 Nxd2 27. Bxd2 Rc2 28. Qe5 Qf1+ 29. Be1 Rc1+ 30. Kb2 Qxe1 31.
Qb8+ Kd7 32. Qxf8 Rb1+ 33. Kc2 Qc1+ 34. Kd3 Qe3+ 35. Kc2 Rc1+ 36. Kb2 Qc3+
37. Ka3 Qc5+ 38. Qxc5 Rxc5 0-1